The fairies.

Saved in:
Bibliographic Details
Other Authors: Shakespeare, William, 1564-1616, Garrick, David, 1717-1779, Smith, John Christopher, 1712-1795
Format: Book
Language:English
Published: London : Cornmarket Press, 1969.
LEADER 01022nam a2200253 i 4500
001 c000033113
003 CARM
005 00000000000000.0
008 841126s1969 enk eng d
019 1 |a 9710215  |5 LACONCORD2021 
035 |a (OCoLC)221959690  |5 LACONCORD2021 
245 0 0 |a The fairies. 
260 |a London :  |b Cornmarket Press,  |c 1969. 
300 |a 48 p. 
500 |a Reprint of 1755 ed. 
500 |a Original t.p.: The fairies; an opera taken from A midsummer night's dream, written by Shakespear. Th. 
500 |a Attributed to David Garrick but repudiated by him. 
500 |a Without the music. 
700 1 |a Shakespeare, William,  |d 1564-1616  |t Midsummer night's dream. 
700 1 |a Garrick, David,  |d 1717-1779. 
700 1 |a Smith, John Christopher,  |d 1712-1795. 
852 8 |b CARM  |h A2:AE10G0  |i A00238  |p 0049385  |f BK 
999 f f |i bff3dc7e-ffbc-54d3-98e6-81dbb356351f  |s 6a76d6e7-60e9-5018-b28b-0bd7b3dac856 
952 f f |p Can circulate  |a CAVAL  |b CAVAL  |c CAVAL  |d CARM 1 Store  |e A00238  |f A2:AE10G0  |h Other scheme  |i book  |m 0049385